000 00211 a2200097 4500
001 51085
100 _aErich P
245 _aMicrowave Technology
260 _aNew York
_bArtech House
_c
090 _c32346
_d32346
942 _aNUST-CAE
_cM
_c24832
999 _c286158
_d286158